Palabras en la noche (Record no. 42563)

MARC details
000 -LEADER
campo de control de longitud fija 00678nam a2200205 i 4500
001 - NÚMERO DE CONTROL
campo de control 42563
003 - IDENTIFICADOR DE NÚMERO DE CONTROL
campo de control ES-MaACL
005 - FECHA Y HORA DE LA ÚLTIMA TRANSACCIÓN
campo de control 20230906160634.0
007 - CAMPO FIJO DE DESCRIPCIÓN FÍSICA--INFORMACIÓN GENERAL
campo de control de longitud fija t|
008 - DATOS DE LONGITUD FIJA--INFORMACIÓN GENERAL
campo de control de longitud fija 030407s2001 sp ||||1| spa d
020 ## - NÚMERO INTERNACIONAL ESTÁNDAR DEL LIBRO
Número Internacional Estándar del Libro 84-931893-1-6
080 ## - NÚMERO DE LA CLASIFICACIÓN DECIMAL UNIVERSAL
Número de la Clasificación Decimal Universal 821.134.2-34"19"(082.2)
245 00 - MENCIÓN DEL TÍTULO
Título Palabras en la noche
Resto del título : (la memoria desvelada) /
Mención de responsabilidad, etc. Carmen Gómez Ojea ... [et al.] ; coordinación y prólogo Isabel García Martín.
260 ## - PUBLICACIÓN, DISTRIBUCIÓN, ETC.
Lugar de publicación, distribución, etc. Ourense :
Nombre del editor, distribuidor, etc. Linteo,
Fecha de publicación, distribución, etc. [2001]
300 ## - DESCRIPCIÓN FÍSICA
Extensión 171 p. ;
Dimensiones 23 cm.
650 #4 - PUNTO DE ACCESO ADICIONAL DE MATERIA--TÉRMINO DE MATERIA
Término de materia o nombre geográfico como elemento de entrada Cuentos españoles-
Subdivisión cronológica S.XX.
9 (RLIN) 11487
700 1# - ENTRADA AGREGADA--NOMBRE PERSONAL
Nombre de persona Gómez Ojea, Carmen.
9 (RLIN) 58082
700 1# - ENTRADA AGREGADA--NOMBRE PERSONAL
Nombre de persona García Martín, Isabel.
9 (RLIN) 54899
852 ## - LOCALIZACIÓN
Ubicación ES-MaACL
Número de control de estantería L-26143
Sublocalización o colección R.131890
Holdings
Estatus retirado Estado de pérdida Estado de daño No para préstamo Biblioteca de origen Biblioteca actual Ubicación en estantería Fecha de adquisición Fuente de adquisición Total de préstamos Signatura topográfica completa Código de barras Visto por última vez Precio de reemplazo Tipo de ítem Koha
        Biblioteca del Ateneo de Madrid Biblioteca del Ateneo de Madrid Depósito 2 17/01/2008     L-26143 1044806 23/02/2023 23/02/2023 Libro impreso